000 00469nam a2200181Ia 4500
001 22392
005 20260414150828.0
008 260414t1999||||xx |||||||||||||| ||spa||
041 _aESP
082 _a621.38043
_bT78
100 _aMariño, José B
_eAUT
245 0 _aTratamiento digital de la señal :
_buna introducción experimental
260 _c1999
300 _a342 páginas :LVIII
_c26 cm.
650 _aTCA
654 _aCET
942 _cLIB
_dJUS
_fJUS
_2ddc
_n
999 _c22392
_d22392